000
00289nam a22001097a 4500
082
_a
005.13 JAM
100
_a
JAMES, MIKES
_9
60805
245
_a
FOUNDATIONS OF PROGRAMMING ,PHILOSOPHY METHODS AND STRUCTURES
260
_a
NEW DELHI
_b
BPB PUBLICATIONS
_c
1991
300
_a
136P
942
_c
BK
999
_c
570439
_d
570439